000 01142nam a2200289 i 4500
001 000026891
003 DO-SdBNP
005 20260521112339.0
007 ta
008 110328s1985 dr c r 000 0 spa d
040 _aDO-SdBNP
_bspa
_cBNPHU
_erda
082 4 _a972.93054
_bG861d
_223
100 1 _aGrimaldi, Víctor,
_d1949-
_eautor
_4aut.
_91699
245 1 3 _aEl diario secreto de la intervención norteamericana de 1965 /
_cVíctor Grimaldi.
246 1 4 _aEl diario secreto de la intervención norteamericana de 1965
_bbasado en los archivos personales del presidente Johnson
250 _aPrimera edición
264 4 _aSanto Domingo :
_bEditora Amigo del Hogar.
_c1985.
300 _a306 páginas :
_bretratos ;
_c23 cm
336 _atexto
_btxt
_2rdacontent
337 _asin mediación
_bn
_2rdamedia
338 _avolumen
_bnc
_2rdacarrier
590 _aInventariado, 2019/VM/ Validado, 2026/ YGD/
650 7 _2Lemb
651 7 _2Lemb
_aRepública Dominicana
_v
_xHistoria
_yOcupación norteamerica, 1965 -1966
_989685
651 7 _2República Dominicana
_vFuentes
_yOcupación norteamerica, 1965 -1966
_989686
942 _2ddc
_cLBS1
_e23
999 _c26383
_d26383